000
00319nam a22001337a 4500
020
_a
9780415608459
082
_a
574.192
_b
HAM/BI
100
_a
Hames,David
_a
Hooper, Nigel
_9
356
245
_a
Bios Instant Notes: Biochemistry
250
_a
4
260
_a
New York
_b
Garland Science
_c
2011
300
_a
473
942
_c
BK
999
_c
14264
_d
14264